[Event "4NCL Division 4 South"]
[Site "Maidenhead, ENG"]
[Date "2020.01.11"]
[Round "3.61"]
[White "Flynn, David"]
[Black "Saidmurodov, Shahjahon"]
[Result "0-1"]
[WhiteElo "1907"]
[BlackElo "1891"]
[PlyCount "108"]
[EventDate "2020.01.11"]
[WhiteTeam "Ashfield 2"]
[BlackTeam "CSC 3"]

1. e4 b6 2. d4 Bb7 3. Bd3 e6 4. Nf3 d5 5. e5 c5 6. c3 Nc6 7. O-O h6 8. Be3 c4
9. Bc2 Nge7 10. Qe2 Qc7 11. Nbd2 f5 12. exf6 gxf6 13. g3 e5 14. dxe5 fxe5 15.
b3 b5 16. bxc4 bxc4 17. Bc5 O-O-O 18. Nh4 Qa5 19. Bxe7 Bxe7 20. Ng6 Rhe8 21.
Nxe7+ Rxe7 22. Bf5+ Kb8 23. Rfc1 Qc5 24. Bh3 e4 25. Nf1 Ne5 26. Qe3 Nf3+ 27.
Kg2 d4 28. cxd4 Rxd4 29. Qf4+ Ne5 30. Qf8+ Kc7 31. Ne3 Qd6 32. Rab1 Rf7 33.
Qxd6+ Kxd6 34. Nf5+ Kc5 35. Nxd4 Kxd4 36. Kf1 e3 37. f4 Nd3 38. Rxc4+ Kxc4 39.
Be6+ Bd5 40. Bxf7 Bxf7 41. Ke2 Kd4 42. Rb5 Nxf4+ 43. Kf3 e2 44. Rb1 Nd5 45. Kf2
a5 46. Rb7 Bh5 47. h3 Ke4 48. Rd7 Bf3 49. Ke1 Ke3 50. a3 Be4 51. Ra7 Nb6 52.
Rxa5 Nc4 53. Rc5 Nb2 54. Rc3+ Nd3+ 0-1

[Event "4NCL Division 4 South"]
[Site "Maidenhead, ENG"]
[Date "2020.01.11"]
[Round "3.62"]
[White "Frostick, Helen M"]
[Black "Bromilow, Edward T"]
[Result "0-1"]
[WhiteElo "1879"]
[BlackElo "1870"]
[PlyCount "158"]
[EventDate "2020.01.11"]
[WhiteTeam "CSC 3"]
[BlackTeam "Ashfield 2"]

1. e4 c6 2. d4 d5 3. e5 Bf5 4. Bd3 Bxd3 5. Qxd3 e6 6. Nc3 Qb6 7. Nge2 Qa6 8.
Qh3 c5 9. dxc5 Nc6 10. Bf4 Bxc5 11. O-O Nge7 12. a4 Qb6 13. Nb5 O-O 14. Rab1
Ng6 15. Qg3 Nxf4 16. Nxf4 Nxe5 17. Nxd5 exd5 18. Qxe5 Rad8 19. Nc3 $11 Bd4 20.
Qg3 Rfe8 21. Qd3 Qc5 22. Ne2 Bf6 23. c3 Qc4 24. Qxc4 dxc4 25. Ng3 g6 26. h3 Bh4
27. Kh2 Rd2 28. Nh1 Ree2 29. g3 Bf6 30. b3 Bxc3 31. bxc4 b6 32. Rbc1 Bd4 33.
Kg2 a5 34. Rcd1 Bc5 35. Rxd2 Rxd2 36. g4 Rc2 37. Ng3 Rxc4 38. Ra1 Rf4 39. Ra2
Kg7 40. f3 Rb4 41. Ne4 Bd4 42. Kg3 Be5+ 43. Kf2 f5 44. gxf5 gxf5 45. Nd2 Bc3
46. Nf1 b5 47. axb5 Rxb5 48. Ng3 Kg6 49. Ne2 Rb2 50. Ra4 Bb4 51. Ke3 Kg5 52.
f4+ Kf6 53. Kf3 Rb3+ 54. Kg2 Ra3 55. Rxa3 Bxa3 56. Nc3 Ke6 57. Kg3 Bb4 58. Na4
Be1+ 59. Kf3 Kd6 60. Ke3 Kc6 61. Kd4 Kd6 62. Nb2 Bb4 63. Nc4+ Ke6 64. Nb6 Kf6
65. Kc4 Kg6 66. Kd5 Bc3 67. Na4 Bd2 68. Ke5 Kh5 69. Kxf5 Kh4 70. Ke5 Kxh3 71.
f5 Kg4 72. f6 h5 73. f7 Bh6 74. Ke6 h4 75. Ke7 h3 76. Nc5 h2 77. Ne4 Kf4 78.
Nf2 Kf3 79. Ng4 Kxg4 0-1

[Event "4NCL Division 4 South"]
[Site "Maidenhead, ENG"]
[Date "2020.01.11"]
[Round "3.63"]
[White "Taylor, Robert P"]
[Black "Vachtfeidl, Petr"]
[Result "0-1"]
[WhiteElo "1832"]
[BlackElo "1853"]
[PlyCount "66"]
[EventDate "2020.01.11"]
[WhiteTeam "Ashfield 2"]
[BlackTeam "CSC 3"]

1. d4 Nf6 2. Bg5 e6 3. Nd2 c5 4. e3 cxd4 5. exd4 Nc6 6. c3 Be7 7. Ngf3 h6 8.
Bh4 d6 9. Bc4 Nh5 10. Bxe7 Qxe7 11. O-O Nf6 12. Re1 O-O 13. Qc2 e5 14. dxe5
Nxe5 15. Nxe5 dxe5 16. Nf3 e4 17. Nd4 Qc5 18. Bb3 Bg4 19. Qd2 Rad8 20. Bc2 Rfe8
21. Qf4 Rxd4 22. cxd4 Qxc2 23. h3 Be6 24. b3 Rd8 25. Qe5 Qb2 26. Red1 Rc8 27.
Rdb1 Qa3 28. Rd1 Nd5 29. Kh2 Qb2 30. Kg1 e3 31. fxe3 Rc2 32. Kh1 Nc3 33. Rf1
Bd5 0-1

[Event "4NCL Division 4 South"]
[Site "Maidenhead, ENG"]
[Date "2020.01.11"]
[Round "3.64"]
[White "John, Joshua"]
[Black "Graham, Neil"]
[Result "0-1"]
[WhiteElo "1755"]
[BlackElo "1825"]
[PlyCount "76"]
[EventDate "2020.01.11"]
[WhiteTeam "CSC 3"]
[BlackTeam "Ashfield 2"]

1. d4 Nf6 2. c4 e5 3. dxe5 Ng4 4. Nf3 Nc6 5. Nbd2 Ngxe5 6. e3 Nxf3+ 7. Nxf3
Bb4+ 8. Bd2 Qe7 9. Be2 O-O 10. O-O Bxd2 11. Qxd2 d6 12. Rac1 b6 13. Ne1 Bb7 14.
Bf3 Rab8 15. Nd3 Ne5 $11 16. Bxb7 Nxd3 17. Qxd3 Rxb7 18. Rfd1 Qe6 19. b4 g6 20.
Rc3 Re8 21. Ra3 Qe4 22. Qd5 Qxd5 23. Rxd5 c5 24. bxc5 dxc5 $11 25. f3 Ree7 26.
Kf2 Rec7 27. Rb3 Kf8 28. a4 Ke7 29. Kg3 f5 30. e4 fxe4 31. fxe4 Ke6 32. Rbd3
Rf7 33. Rb3 Rf1 34. Rxc5 Re1 35. Kf3 Rf7+ 36. Kg3 bxc5 37. Rb5 Rc7 38. Kf3 Rc1
0-1

[Event "4NCL Division 4 South"]
[Site "Maidenhead, ENG"]
[Date "2020.01.11"]
[Round "3.65"]
[White "Hill, Maurice J"]
[Black "Homolka, Vincent"]
[Result "1/2-1/2"]
[WhiteElo "1825"]
[BlackElo "1743"]
[PlyCount "59"]
[EventDate "2020.01.11"]
[WhiteTeam "Ashfield 2"]
[BlackTeam "CSC 3"]

1. g3 d5 2. Bg2 Nf6 3. Nf3 e6 4. b3 Be7 5. Bb2 O-O 6. O-O c5 7. d4 Nc6 8. e3
cxd4 9. exd4 b6 10. Nbd2 Ba6 11. Re1 Rc8 12. Rc1 Rc7 13. Ne5 Nxe5 14. dxe5 Nd7
15. Nf3 Qc8 16. Nd4 Bb4 17. Re3 Nb8 18. c3 Be7 19. a4 Rd8 20. Bf1 Bc5 21. Bxa6
Qxa6 22. Rd3 Bxd4 23. cxd4 Rxc1 24. Bxc1 Rc8 25. Bb2 Rc7 26. Qd2 Qc8 27. Rc3
Rxc3 28. Qxc3 Qxc3 $11 29. Bxc3 Nc6 30. Kf1 1/2-1/2

[Event "4NCL Division 4 South"]
[Site "Maidenhead, ENG"]
[Date "2020.01.11"]
[Round "3.66"]
[White "Wenninger, Maxim"]
[Black "Thomson, James L"]
[Result "0-1"]
[WhiteElo "1459"]
[BlackElo "1750"]
[PlyCount "102"]
[EventDate "2020.01.11"]
[WhiteTeam "CSC 3"]
[BlackTeam "Ashfield 2"]

1. e4 c6 2. d4 d5 3. Nc3 dxe4 4. Nxe4 Bf5 5. Ng3 Bg6 6. Nf3 h6 7. h4 Nd7 8. h5
Bh7 9. Bd3 Bxd3 10. Qxd3 Qc7 11. Ne2 e6 12. Bf4 Bd6 13. Bxd6 Qxd6 14. O-O-O
O-O-O 15. Nd2 Ngf6 16. Nc4 Qc7 17. Qa3 Nb6 18. Ne5 Kb8 19. Rh3 Ne4 20. Qe3 Ng5
21. Rg3 Nd5 22. Qb3 Rhg8 23. f4 Ne4 24. Rf3 Ka8 25. Qd3 Nef6 26. f5 exf5 27.
Qxf5 Rge8 28. Rg3 c5 29. Nf4 Nxf4 30. Qxf4 Nxh5 31. Qxf7 Qxf7 32. Nxf7 Nxg3 33.
Nxd8 Rxd8 34. d5 b6 35. c4 Ne2+ 36. Kd2 Nd4 37. Rf1 Rd7 38. Rf2 Re7 39. g4 Kb7
40. g5 hxg5 41. Kd3 Kc7 42. a3 Kd6 43. b4 a6 44. Rf8 g4 45. Rf4 g3 46. Rg4 Nf5
47. Rg6+ Kd7 48. Kd2 Re3 49. Rxb6 cxb4 50. axb4 Ra3 51. Ke1 Ra1+ 0-1

[Event "4NCL Division 4 South"]
[Site "Maidenhead, ENG"]
[Date "2020.01.11"]
[Round "3.71"]
[White "Tart, Peter K"]
[Black "Donaghay, Richard H"]
[Result "1/2-1/2"]
[WhiteElo "1892"]
[BlackElo "1840"]
[PlyCount "82"]
[EventDate "2020.01.11"]
[WhiteTeam "Crowthorne 2"]
[BlackTeam "Iceni 3"]

1. e4 g6 2. d4 Bg7 3. Nc3 d6 4. Be3 a6 5. h4 Nf6 6. Be2 b5 7. Bf3 c6 8. h5 h6
9. hxg6 fxg6 10. e5 dxe5 11. d5 Bb7 12. Qd3 Kf7 13. O-O-O e4 14. Nxe4 cxd5 15.
Nc5 Bc6 16. Bd4 Nbd7 17. Nxd7 Qxd7 18. Ne2 Rae8 19. Bxf6 exf6 20. Nf4 f5 $11
21. Nxd5 Rd8 22. Qb3 Bxd5 23. Bxd5+ Kf8 24. Bg8 Qxd1+ 25. Rxd1 Rxd1+ 26. Kxd1
Rxg8 27. Qa3+ Kf7 28. Qxa6 Rd8+ 29. Ke2 Bxb2 30. Qb7+ Ke6 31. Qxb5 Be5 32. a4
Rd5 33. Qc6+ Rd6 34. Qe8+ Kf6 35. g3 Re6 36. Qf8+ Kg5 37. f4+ Bxf4+ 38. Kf1
Bxg3 39. a5 Kg4 40. Qb4+ Re4 41. Qc3 Rf4+ 1/2-1/2

[Event "4NCL Division 4 South"]
[Site "Maidenhead, ENG"]
[Date "2020.01.11"]
[Round "3.72"]
[White "Rosenbaum, Danny"]
[Black "Taylor, Mark V"]
[Result "0-1"]
[WhiteElo "1772"]
[BlackElo "1928"]
[PlyCount "50"]
[EventDate "2020.01.11"]
[WhiteTeam "Iceni 3"]
[BlackTeam "Crowthorne 2"]

1. d4 e6 2. Nf3 f5 3. g3 Nf6 4. Bg2 Be7 5. c4 O-O 6. Nc3 a5 7. O-O d6 8. Re1
Ne4 9. d5 Nxc3 10. bxc3 e5 11. Bd2 Na6 12. Qc1 h6 13. h3 Nc5 14. Qc2 Bd7 15.
Nh2 Qe8 16. e4 Nxe4 17. Rxe4 fxe4 18. Bxe4 Qh5 19. Bg2 Bxh3 20. Re1 Bxg2 21.
Kxg2 Rxf2+ 22. Kxf2 Qxh2+ 23. Kf3 Rf8+ 24. Ke4 Qxg3 25. Qc1 Qf3# 0-1

[Event "4NCL Division 4 South"]
[Site "Maidenhead, ENG"]
[Date "2020.01.11"]
[Round "3.73"]
[White "Cross, Mark"]
[Black "Collicott, Peter J"]
[Result "1-0"]
[WhiteElo "1730"]
[BlackElo "1625"]
[PlyCount "83"]
[EventDate "2020.01.11"]
[WhiteTeam "Crowthorne 2"]
[BlackTeam "Iceni 3"]

1. d4 d5 2. e3 Bf5 3. c4 e6 4. Nc3 Nf6 5. Qb3 Qc8 6. cxd5 exd5 7. Nxd5 Nxd5 8.
Qxd5 Be6 9. Qb5+ c6 10. Qa4 Be7 11. Bd3 O-O 12. Qc2 f5 13. Nf3 Nd7 14. Bd2 Qd8
15. Bc3 Rc8 16. O-O Qe8 17. Ne5 c5 18. Qa4 Nxe5 19. Qxe8 Rfxe8 20. dxe5 c4 21.
Be2 b5 22. a3 Bd8 23. Rfd1 Rc5 24. f4 Bb6 25. Bd4 Rd5 26. Bxb6 axb6 27. Rxd5
Bxd5 28. Rd1 Be6 29. Rd6 b4 30. Rxe6 Rxe6 31. Bxc4 Kf7 32. axb4 b5 33. Bxe6+
Kxe6 34. b3 g6 35. Kf2 Kd5 36. Kf3 h6 37. g4 fxg4+ 38. Kxg4 Ke6 39. h4 Kd5 40.
f5 Kxe5 41. fxg6 Kf6 42. h5 1-0

[Event "4NCL Division 4 South"]
[Site "Maidenhead, ENG"]
[Date "2020.01.11"]
[Round "3.74"]
[White "Balakrishnan, Kathirvel"]
[Black "Leadbetter, Scott"]
[Result "1-0"]
[WhiteElo "1579"]
[BlackElo "1612"]
[PlyCount "74"]
[EventDate "2020.01.11"]
[WhiteTeam "Iceni 3"]
[BlackTeam "Crowthorne 2"]

1. d4 Nf6 2. Bf4 e6 3. e3 c5 4. Bd3 cxd4 5. exd4 Nc6 6. c3 d5 7. Nf3 Bd6 8. Ne5
a6 9. Nd2 Qc7 10. Ndf3 h6 11. Qa4 Bd7 12. Nxd7 Bxf4 13. Nxf6+ gxf6 14. g3 Bd6
15. O-O-O Ke7 16. Rhe1 b5 17. Qb3 Na5 18. Qxd5 Rac8 19. Nh4 Rhd8 20. Ng6+ Kd7
21. Bxb5+ axb5 22. Qxb5+ Nc6 23. Ne5+ Ke7 24. Nxc6+ Qxc6 25. Qxc6 Rxc6 26. d5
Rc4 27. Kc2 Rdc8 28. a3 Be5 29. Re3 Bd4 30. Rf3 exd5 31. Kb3 Be5 32. Re3 Kf8
33. f4 Bb8 34. Rxd5 Ba7 35. Red3 Ke7 36. Rd7+ Ke6 37. Rxa7 Re4 1-0

[Event "4NCL Division 4 South"]
[Site "Maidenhead, ENG"]
[Date "2020.01.11"]
[Round "3.75"]
[White "Haslehurst, Harriet"]
[Black "Ryan, John"]
[Result "1-0"]
[WhiteElo "1497"]
[BlackElo "1455"]
[PlyCount "81"]
[EventDate "2020.01.11"]
[WhiteTeam "Crowthorne 2"]
[BlackTeam "Iceni 3"]

1. d4 e6 2. Nf3 a6 3. g3 b5 4. Bg2 Bb7 5. Nbd2 d5 6. O-O c5 7. c3 cxd4 8. Nxd4
Nf6 9. a4 b4 10. Qb3 a5 11. Re1 Na6 12. c4 Nc5 13. Qc2 Rc8 14. b3 Be7 15. f3
O-O 16. Bb2 h6 17. Rad1 Qb6 18. Kh1 Ba8 19. e4 dxe4 20. Nxe4 Nfxe4 21. fxe4
Rfd8 22. Nb5 Rxd1 23. Rxd1 Rd8 24. Bd4 Qb8 25. Rb1 Bg5 26. h4 Be7 27. e5 Bxg2+
28. Qxg2 Rc8 29. Qf3 Qb7 30. Qxb7 Nxb7 31. Rd1 Rd8 32. Kg2 Kf8 33. Kf3 f6 34.
Kf4 fxe5+ 35. Kxe5 Kf7 36. Rf1+ Bf6+ 37. Ke4 e5 38. Bxe5 Nc5+ 39. Kf5 Nxb3 40.
g4 Rd5 41. cxd5 1-0

[Event "4NCL Division 4 South"]
[Site "Maidenhead, ENG"]
[Date "2020.01.11"]
[Round "3.76"]
[White "Kent, Rowan"]
[Black "Ganeshbabu, Adarsharun"]
[Result "1-0"]
[WhiteElo "1230"]
[BlackElo "1382"]
[PlyCount "39"]
[EventDate "2020.01.11"]
[WhiteTeam "Iceni 3"]
[BlackTeam "Crowthorne 2"]

1. e4 c5 2. Nf3 d6 3. d4 cxd4 4. Nxd4 Nf6 5. Nc3 a6 6. Be2 g6 7. Be3 Bg7 8. Qd2
O-O 9. Bh6 Nc6 10. Bxg7 Kxg7 11. O-O-O Bd7 12. h4 b5 13. h5 b4 14. Nd5 Nxe4 15.
Qe3 Nf6 16. Nxf6 exf6 17. hxg6 fxg6 18. Qh6+ Kf7 19. Qxh7+ Ke8 20. Qxg6+ 1-0

[Event "4NCL Division 4 South"]
[Site "Maidenhead, ENG"]
[Date "2020.01.11"]
[Round "3.81"]
[White "Spanton, Tim R"]
[Black "Neatherway, A Philip"]
[Result "1-0"]
[WhiteElo "1854"]
[BlackElo "1822"]
[PlyCount "81"]
[EventDate "2020.01.11"]
[WhiteTeam "Wessex C"]
[BlackTeam "Oxford 4"]

1. e4 e6 2. d4 d5 3. exd5 exd5 4. Nf3 Bg4 5. h3 Bh5 6. Bd3 Bd6 7. O-O Ne7 8.
Re1 O-O 9. Bxh7+ Kxh7 10. Ng5+ Kg6 11. Qd3+ f5 12. Ne6 Qe8 13. Nxf8+ Qxf8 14.
g4 Bxg4 15. hxg4 Qh8 16. gxf5+ Kf7 17. Qf3 Qh2+ 18. Kf1 Nbc6 19. Be3 Rh8 20.
Nc3 Rh5 21. Qg2 Qh4 22. Rad1 Rxf5 23. Ke2 Bf4 24. Rh1 Qf6 25. Rh3 Ng6 26. Nxd5
Qe6 27. c4 Na5 28. Kd3 c6 29. Nxf4 Qxc4+ 30. Kd2 Nxf4 31. Bxf4 Rxf4 32. Rf3
Qxd4+ 33. Kc1 Qc4+ 34. Rc3 Qe6 35. b3 Qf5 36. Rcd3 Rxf2 37. Rd7+ Ke6 38. R1d6+
Ke5 39. Qxg7+ Ke4 40. Re7+ Kf3 41. Rf6 1-0

[Event "4NCL Division 4 South"]
[Site "Maidenhead, ENG"]
[Date "2020.01.11"]
[Round "3.82"]
[White "Cole, Graham"]
[Black "Adaway, William"]
[Result "1/2-1/2"]
[WhiteElo "1817"]
[BlackElo "1845"]
[PlyCount "80"]
[EventDate "2020.01.11"]
[WhiteTeam "Oxford 4"]
[BlackTeam "Wessex C"]

1. e4 e5 2. Nf3 Nc6 3. Bc4 Nf6 4. d4 exd4 5. e5 d5 6. Bb5 Ne4 7. Nxd4 Bd7 8.
Bxc6 bxc6 9. O-O Bc5 10. f3 Ng5 11. f4 Ne4 12. Be3 O-O 13. Nd2 Nxd2 14. Qxd2 f6
15. Nf3 Bb6 16. Rae1 Bg4 17. exf6 Rxf6 18. Ne5 Bf5 19. c3 c5 20. Qf2 c4 21. Rd1
Rd6 22. Bc5 Bxc5 23. Qxc5 Be4 24. Rde1 Re6 25. Qd4 Qe7 26. Rf2 c5 27. Qd1 Rb8
28. Qc1 g5 29. Nf3 gxf4 30. Qxf4 Rf8 31. Qh4 Qxh4 32. Nxh4 Rxf2 33. Kxf2 Rb6
34. Re2 Bd3 35. Rd2 Kf7 36. Nf3 Kf6 37. Ne1 Be4 38. Nf3 Kf5 39. Ke2 Re6 40. Kf2
Bd3 1/2-1/2

[Event "4NCL Division 4 South"]
[Site "Maidenhead, ENG"]
[Date "2020.01.11"]
[Round "3.83"]
[White "Lovell, William Pm"]
[Black "Bush, Ian"]
[Result "1/2-1/2"]
[WhiteElo "1787"]
[BlackElo "1840"]
[PlyCount "47"]
[EventDate "2020.01.11"]
[WhiteTeam "Wessex C"]
[BlackTeam "Oxford 4"]

1. c4 d6 2. g3 g6 3. Bg2 Bg7 4. Nc3 Nf6 5. e4 O-O 6. Nge2 c6 7. O-O e5 8. d3
Bg4 9. h3 Be6 10. f4 Qc8 11. g4 exf4 12. Nxf4 Na6 13. Be3 Nc7 14. Qd2 Qd7 15.
Nxe6 Nxe6 16. d4 Rae8 17. Bh6 c5 18. Bxg7 Kxg7 19. Qf2 Ng8 20. Ne2 Qe7 21. Rad1
a6 22. e5 dxe5 23. dxe5 Rd8 24. Rfe1 1/2-1/2

[Event "4NCL Division 4 South"]
[Site "Maidenhead, ENG"]
[Date "2020.01.11"]
[Round "3.84"]
[White "Arora, Tashika"]
[Black "Coburn, Joseph A"]
[Result "1/2-1/2"]
[WhiteElo "1690"]
[BlackElo "1784"]
[PlyCount "140"]
[EventDate "2020.01.11"]
[WhiteTeam "Oxford 4"]
[BlackTeam "Wessex C"]

1. d4 d6 2. Nf3 Nf6 3. Bf4 g6 4. e3 Bg7 5. Be2 c6 6. O-O O-O 7. c4 Qb6 8. Qb3
Nbd7 9. Qxb6 Nxb6 10. Nc3 Nh5 11. Bg5 Re8 12. Nd2 Nf6 13. Nde4 Nxe4 14. Nxe4 h6
15. Bf4 Bf5 16. Nc3 e5 17. dxe5 dxe5 18. Bg3 Rad8 19. e4 Be6 20. b3 Rd4 21.
Rad1 Red8 22. f3 Nc8 23. Bf2 Rxd1 24. Rxd1 Rxd1+ 25. Nxd1 b6 26. Nb2 c5 27. Nd3
Ne7 28. Kf1 Nc6 29. Ke1 Nd4 30. Kd2 Kf8 31. Bd1 Ke7 32. Ne1 h5 33. Nc2 f6 34.
Ne3 Bh6 35. Kd3 Bxe3 36. Bxe3 g5 37. h3 Bf7 38. g4 Bg6 39. Bf2 Kd6 40. Be3 a6
41. a4 Be8 42. Bf2 Kc6 43. Be3 b5 44. axb5+ axb5 45. Bd2 Kb6 46. Bc3 Bf7 47.
Bd2 Ne6 48. Kc3 bxc4 49. bxc4 hxg4 50. hxg4 Be8 51. Bb3 Nd4 52. Bd1 Bc6 53. Be1
Ne6 54. Bd2 Nc7 55. Be1 Na6 56. Kb3 Bd7 57. Bd2 Nb8 58. Be1 Bc6 59. Bd2 Nd7 60.
Be1 Ka6 61. Be2 Nb6 62. Bf2 Nd7 63. Be1 Nf8 64. Bd1 Ng6 65. Bd2 Nh4 66. Be3 Kb6
67. Bd2 Ng2 68. Kc3 Nf4 69. Bc1 Ng2 70. Bd2 Nf4 1/2-1/2

[Event "4NCL Division 4 South"]
[Site "Maidenhead, ENG"]
[Date "2020.01.11"]
[Round "3.85"]
[White "Chilton, James I"]
[Black "Gentry, Alan E"]
[Result "1-0"]
[WhiteElo "1725"]
[BlackElo "1729"]
[PlyCount "125"]
[EventDate "2020.01.11"]
[WhiteTeam "Wessex C"]
[BlackTeam "Oxford 4"]

1. d4 Nf6 2. c4 e6 3. Nf3 b6 4. Nc3 Bb7 5. Bf4 Bb4 6. a3 Bxc3+ 7. bxc3 d6 8. e3
Nbd7 9. Bd3 O-O 10. Qc2 Re8 11. Bg5 h6 12. Bh4 e5 13. Nd2 g5 14. Bg3 e4 15. Be2
Nf8 16. h4 g4 17. h5 Qd7 18. Rh4 N8h7 19. Bf4 Kg7 20. Nf1 Ng5 21. Nh2 Ne6 22.
Bxg4 Nxg4 23. Rxg4+ Kh7 24. Rh4 Rg8 25. g3 f5 26. O-O-O Ba6 27. Qb3 Bb7 28. c5
Bc6 29. Qa2 bxc5 30. d5 Nxf4 31. dxc6 Nd3+ 32. Rxd3 Qg7 33. Rd2 Qxc3+ 34. Kd1
Rab8 35. Ke2 Rb3 36. Qc2 Rgb8 37. Qxc3 Rxc3 38. g4 Rbb3 39. gxf5 Rd3 40. Rxe4
Rxd2+ 41. Kxd2 Rb2+ 42. Kc3 Rxf2 43. Re7+ Kg8 44. Ng4 Kf8 45. f6 Rxf6 46. Nxf6
Kxe7 47. Ng8+ Ke6 48. Nxh6 Kf6 49. Ng4+ Kg7 50. e4 Kf7 51. h6 Kg6 52. Kc4 Kh7
53. Nf6+ Kxh6 54. Nd5 Kg6 55. Nxc7 Kf6 56. Nb5 Ke7 57. Nxa7 Kd8 58. Nb5 Kc8 59.
a4 Kb8 60. a5 d5+ 61. exd5 Kc8 62. d6 Kb8 63. d7 1-0

[Event "4NCL Division 4 South"]
[Site "Maidenhead, ENG"]
[Date "2020.01.11"]
[Round "3.86"]
[White "Kassey, Amaan"]
[Black "Priest, Christopher Pa"]
[Result "1/2-1/2"]
[WhiteElo "1562"]
[BlackElo "1645"]
[PlyCount "48"]
[EventDate "2020.01.11"]
[WhiteTeam "Oxford 4"]
[BlackTeam "Wessex C"]

1. e4 Nf6 2. Nc3 d6 3. h3 c5 4. Nf3 Nc6 5. d4 cxd4 6. Nxd4 Bd7 7. Bc4 a6 8. a3
Rc8 9. Ba2 g6 10. Be3 Bg7 11. O-O O-O 12. Re1 b5 13. Nd5 Nxd5 14. exd5 Nxd4 15.
Bxd4 Bxd4 16. Qxd4 Rxc2 17. Bb3 Rc7 18. Qh4 Bc8 19. Re4 e5 20. dxe6 fxe6 21.
Qxd8 Rxd8 22. Bxe6+ Kg7 23. Bb3 Bb7 24. Rd4 d5 1/2-1/2

[Event "4NCL Division 4 South"]
[Site "Maidenhead, ENG"]
[Date "2020.01.11"]
[Round "3.91"]
[White "Ogunshola, Ben"]
[Black "Jukes, Sam"]
[Result "1/2-1/2"]
[WhiteElo "2163"]
[BlackElo "1926"]
[PlyCount "139"]
[EventDate "2020.01.11"]
[WhiteTeam "The Pitstop"]
[BlackTeam "West is Best 3"]

1. c4 e5 2. Nc3 Nf6 3. Nf3 Nc6 4. g3 d6 5. Bg2 Be7 6. O-O O-O 7. d4 a6 8. b3
Re8 9. Bb2 Rb8 10. Rc1 Nxd4 11. Nxd4 exd4 12. Qxd4 c5 13. Qd3 Bf8 14. Rfd1 Bd7
15. Ne4 Nxe4 16. Bxe4 f5 17. Bxb7 Qa5 18. Bd5+ Kh8 19. Qd2 Qxd2 20. Rxd2 Be6
21. e3 Kg8 22. Bc3 Bxd5 23. Rxd5 g6 24. Ba5 Rb7 25. h4 Re6 26. Rcd1 h5 27. Kg2
Re8 28. Kf3 Kf7 29. R1d3 Kg7 30. a3 Re4 31. Ke2 Rg4 32. f3 Rxg3 33. Kf2 f4 34.
exf4 Rh3 35. Kg2 Rxh4 36. f5 Rf4 37. fxg6 Kxg6 38. Bd2 Rf5 39. Rxf5 Kxf5 40.
Rd5+ Ke6 41. b4 cxb4 42. Bxb4 Rc7 43. Rxh5 Rxc4 44. Ra5 Rc6 45. f4 Be7 46. Kf3
Bd8 47. Rh5 Bf6 48. Ke3 Bc3 49. Kd3 Bxb4 50. axb4 Rc1 51. Ra5 Rb1 52. Kc4 Rc1+
53. Kb3 Rb1+ 54. Kc3 Rc1+ 55. Kb2 Rc4 56. Kb3 Rxf4 57. Rxa6 Kd7 58. b5 Rd4 59.
Ra7+ Kc8 60. Kc3 Rd1 61. Rh7 Rc1+ 62. Kb4 Rc7 63. Rh8+ Kb7 64. Rd8 Rc1 65. Rd7+
Kb6 66. Rxd6+ Kb7 67. Rh6 Rb1+ 68. Kc5 Rc1+ 69. Kd4 Rd1+ 70. Kc3 1/2-1/2

[Event "4NCL Division 4 South"]
[Site "Maidenhead, ENG"]
[Date "2020.01.11"]
[Round "3.92"]
[White "Smith, Steve"]
[Black "Olufemi, George"]
[Result "1-0"]
[WhiteElo "1826"]
[BlackElo "1803"]
[PlyCount "89"]
[EventDate "2020.01.11"]
[WhiteTeam "West is Best 3"]
[BlackTeam "The Pitstop"]

1. e4 g6 2. d4 Bg7 3. Nc3 c5 4. Nf3 cxd4 5. Nxd4 Nc6 6. Be3 Nf6 7. f3 O-O 8.
Qd2 d5 9. Nxc6 bxc6 10. Be2 Qc7 11. O-O dxe4 12. fxe4 Ng4 13. Bxg4 Bxg4 14. Bc5
Be6 15. Rad1 Bg4 16. Rde1 Qe5 17. Na4 Qh5 18. Qe3 Rad8 19. Rf2 Be5 20. g3 Be6
21. Rd2 Rxd2 22. Qxd2 Qf3 23. Qf2 Qh5 24. Bxe7 Re8 25. Bc5 Bc4 26. b3 Bb5 27.
Bxa7 Rd8 28. Be3 Rd1 29. Nc5 Rxe1+ 30. Qxe1 Qf3 31. c4 Ba6 32. Nxa6 h5 33. Nc5
h4 34. Qf2 Qd1+ 35. Kg2 Qg4 36. Qf3 h3+ 37. Kf2 Qc8 38. Nd3 Bg7 39. Nf4 Qd7 40.
Qe2 Bd4 41. Qd2 Bxe3+ 42. Kxe3 Qa7+ 43. Kf3 Qg1 44. Nxh3 Qf1+ 45. Nf2 1-0

[Event "4NCL Division 4 South"]
[Site "Maidenhead, ENG"]
[Date "2020.01.11"]
[Round "3.93"]
[White "Green, George D A"]
[Black "Payan, Juan C"]
[Result "1/2-1/2"]
[WhiteElo "1557"]
[BlackElo "1779"]
[PlyCount "97"]
[EventDate "2020.01.11"]
[WhiteTeam "The Pitstop"]
[BlackTeam "West is Best 3"]

1. d4 d5 2. Nc3 Bf5 3. Nf3 e6 4. Bf4 c6 5. e3 Nf6 6. Bd3 Qb6 7. Rb1 Bg6 8. h3
Nbd7 9. Qe2 Be7 10. O-O O-O 11. e4 dxe4 12. Nxe4 Nxe4 13. Bxe4 Bxe4 14. Qxe4
Nf6 15. Qe2 Nd5 16. Be5 c5 17. c3 Rac8 18. Rfe1 c4 19. Nd2 Qc6 20. Ne4 b5 21.
Qg4 f6 22. Nd6 Bxd6 23. Qxe6+ Kh8 24. Qxd6 fxe5 25. Qxc6 Rxc6 26. Rxe5 Rd6 27.
Rbe1 g6 28. g3 a6 29. f4 Rb8 30. f5 gxf5 31. Rxf5 b4 32. Rh5 bxc3 33. bxc3 Nxc3
34. Re7 h6 35. g4 Rb1+ 36. Kg2 Rb2+ 37. Kg3 Ne2+ 38. Kh4 Nxd4 39. Rc5 Rc6 40.
Rd5 Rc8 41. Rxd4 c3 42. Rdd7 Rf2 43. Rh7+ Kg8 44. Rdg7+ Kf8 45. Rb7 Ke8 46.
Rh8+ Rf8 47. Rxh6 c2 48. Rhh7 Rf1 49. Rh8+ 1/2-1/2

[Event "4NCL Division 4 South"]
[Site "Maidenhead, ENG"]
[Date "2020.01.11"]
[Round "3.94"]
[White "Melsom, Jonathan T"]
[Black "Sloan, Hamish"]
[Result "1-0"]
[WhiteElo "1696"]
[BlackElo "1514"]
[PlyCount "37"]
[EventDate "2020.01.11"]
[WhiteTeam "West is Best 3"]
[BlackTeam "The Pitstop"]

1. e4 c5 2. c3 d6 3. Nf3 Nf6 4. Bd3 Nc6 5. h3 Ne5 6. Nxe5 dxe5 7. Qe2 a6 8. a4
e6 9. O-O b6 10. Bc4 Qc7 11. d3 Bb7 12. f4 exf4 13. Bxf4 e5 14. Bg5 Be7 15. Nd2
O-O 16. Nf3 h6 17. Bxf6 Bxf6 18. Nh2 g6 19. Rxf6 1-0

[Event "4NCL Division 4 South"]
[Site "Maidenhead, ENG"]
[Date "2020.01.11"]
[Round "3.95"]
[White "Fernando, Manel"]
[Black "Di-Vetta, Andrew"]
[Result "0-1"]
[WhiteElo "1479"]
[BlackElo "1720"]
[PlyCount "105"]
[EventDate "2020.01.11"]
[WhiteTeam "The Pitstop"]
[BlackTeam "West is Best 3"]

1. d4 d5 2. Nf3 g6 3. Bf4 Bg7 4. Nbd2 Nf6 5. h3 O-O 6. e3 c6 7. Bd3 Nbd7 8. O-O
a5 9. c3 Re8 10. e4 dxe4 11. Nxe4 Nd5 12. Bh2 b6 13. Re1 Bb7 14. a3 h6 15. Qc2
Nf8 16. Rac1 Rc8 17. Qb3 Ne6 18. Ne5 Bxe5 19. Bxe5 f6 20. Bh2 Qd7 21. Bb1 b5
22. Nc5 Nxc5 23. dxc5 a4 24. Qc2 f5 25. Ba2 Kh7 26. Rcd1 e6 27. c4 bxc4 28.
Bxc4 Ra8 29. Qe2 Qf7 30. Ba2 f4 31. Qf3 g5 32. g3 e5 33. Re4 Qf6 34. Rde1 Nc7
35. Bb1 Kg7 36. Qg4 Bc8 37. Qh5 Bf5 38. Rb4 Bxb1 39. Rxb1 Qg6 40. Qd1 Red8 41.
Qe1 Kf6 42. Rd1 Nd5 43. Re4 Qf5 44. g4 Qe6 45. Kg2 Rdb8 46. Qe2 Rb3 47. Rd3
Rab8 48. Rxb3 Rxb3 49. Qd2 h5 50. f3 Ne3+ 51. Kf2 hxg4 52. hxg4 Rxb2 53. Bxf4
0-1

[Event "4NCL Division 4 South"]
[Site "Maidenhead, ENG"]
[Date "2020.01.11"]
[Round "3.101"]
[White "Wilks, Simon"]
[Black "Zheng, Harry Z"]
[Result "1-0"]
[WhiteElo "2192"]
[BlackElo "1823"]
[PlyCount "93"]
[EventDate "2020.01.11"]
[WhiteTeam "All Anands on Deck"]
[BlackTeam "Poisoned Pawns - Next Generation"]

1. e4 e5 2. Nf3 Nc6 3. Bb5 a6 4. Ba4 Nf6 5. O-O Be7 6. Qe2 b5 7. Bb3 O-O 8. c3
d6 9. h3 Na5 10. Bc2 c5 11. d4 Qc7 12. Rd1 Bd7 13. d5 Rfc8 14. Nbd2 c4 15. Nf1
Bf8 16. g4 g6 17. Bg5 Bg7 18. Ng3 h6 19. Be3 Kh8 20. Qd2 Ng8 21. Kg2 Kh7 22. g5
h5 23. Qe2 Ne7 24. Nh4 Rh8 25. Rf1 Qc8 26. Rh1 Nb7 27. Raf1 Qc7 28. f4 exf4 29.
Rxf4 Raf8 30. Qf2 Be8 31. Nf3 a5 32. Bd4 Bxd4 33. Nxd4 Rfg8 34. Rxf7+ Bxf7 35.
Qxf7+ Rg7 36. Qxg7+ Kxg7 37. Ne6+ Kg8 38. Nxc7 h4 39. Ne2 Rh5 40. Ne6 Nc5 41.
N2f4 Rh7 42. Nxc5 dxc5 43. Ne6 Rh5 44. Rf1 Rh8 45. Rf8+ Kh7 46. Rf7+ Kg8 47.
Rg7# 1-0